| 000 | 00527nam a2200193Ia 4500 | ||
|---|---|---|---|
| 008 | 160319s9999 xx 000 0 und d | ||
| 245 | _aAncient Greek Gods: Gods and Goddesses / | ||
| 260 | _bDolby Digital. | ||
| 260 | _cNA | ||
| 300 | _a1 videodiscs : | ||
| 300 | _bsound, color ; | ||
| 300 | _c4 3/4 in. | ||
| 650 | _aGoddesses, Greek. | ||
| 650 | _aGods, Greek. | ||
| 650 | _aMythology, Greek. | ||
| 650 | _aThermopylae (Greece) -- | ||
| 650 | _aThermopylae, Battle of, Greece, 480 B.C. | ||
| 650 | _xFiction. | ||
| 999 |
_c292454 _d292454 |
||